| 000 | 00981nam a2200229Ia 4500 | ||
|---|---|---|---|
| 001 | 11474 | ||
| 003 | GE_BSU | ||
| 008 | 181216s||||||||xx |||||||||||||| ||und|| | ||
| 040 | _cGE_BSU | ||
| 080 | _a633:631.527(076.5)+633:631.53.02(076.5) | ||
| 100 | _aსიხარულიძე,მ; ე.ჩერნიში; პ.ნასყიდაშვილი. | ||
| 245 | _aმინდვრის კულტურათა სელექცია და მეთესლეობა. | ||
| 245 | _bპრაქტიკულ მეცადინეობათა სახელმძღვ. | ||
| 245 | _cრედ:ს.მეტრეველი. | ||
| 260 | _aთბილისი. | ||
| 260 | _bცოდნა. | ||
| 260 | _c1964. | ||
| 300 | _a241გვ;22სმ. | ||
| 300 | _eილ;ტაბულები. | ||
| 653 | _aმინდვრის კულტურათა სელექცია და მეთესლეობა. | ||
| 942 | _cBK | ||
| 999 |
_c44671 _d44671 |
||